Comunicación y experiencia interhumana: una hermenéutica interdisciplinar para las ciencias humanas

Uloženo v:
Podrobná bibliografie
Hlavní autor: Ortiz-Osés, Andrés (autor)
Médium: Kniha
Jazyk:španělština
Vydáno: Bilbao Desclée de Brouwer 1977
Edice:Colección estudios sociales
Témata:
Tagy: Přidat tag
Žádné tagy, Buďte první, kdo vytvoří štítek k tomuto záznamu!

MARC

LEADER 00000nam a2200000 a 4500
001 UCY7347
003 CL-VaPUC
008 950609e19770000SP |||||||||||||||||spa|d
082 0 4 |a 306.44  |b ORT  |2 21 
100 |a Ortiz-Osés, Andrés  |e autor  |9 330235 
245 1 0 |a Comunicación y experiencia interhumana: una hermenéutica interdisciplinar para las ciencias humanas 
300 |a 323 p 
942 |c BK 
945 |d 19950609 00:00:00  |a cmena 
260 |a Bilbao  |b Desclée de Brouwer  |c 1977 
650 0 |a Comunicación   |9 257251 
650 0 |a Lingüística  |9 265068 
650 0 |a Naturaleza humana   |9 308593 
650 0 |a Cultura  |9 269059 
650 7 |a SOCIEDAD CAMBIANTE  |2 CL-VaPUC  |9 334579 
650 0 |a Estructuralismo  |9 265696 
650 0 |a Escuelas filosóficas   |9 266232 
583 |a last modification  |c 19950609 00:00:00  |k Rodrigo Vera 
490 0 |a Colección estudios sociales 
999 |c 234749  |d 234747 
952 |0 0  |1 0  |4 0  |6 306_440000000000000_ORT_1977  |7 0  |8 P  |9 241425  |a BIBEDU  |b BIBEDU  |c BIBEDU_PB  |d 2019-11-18  |i 1519107  |o 306.44 ORT 1977  |p 1519107  |r 2024-01-25  |w 2019-11-18  |y BK  |k EDU